| 000 | 01091cam a22003737a 4500 | ||
|---|---|---|---|
| 003 | CHAP | ||
| 005 | 20220817044052.0 | ||
| 008 | 051205d2005 it rn 00110 eng d | ||
| 010 | _a91492 | ||
| 011 | _a92464 | ||
| 020 | _a921052999 | ||
| 035 | _a103028 | ||
| 040 | _cCHAP | ||
| 082 | 0 | 4 |
_a630 _bF3y v.159 |
| 110 | 2 | _aFAO | |
| 245 | 1 | 0 |
_aInsurance of crops in developing countries _c/by R. A. J. Roberts |
| 260 |
_aRome : _bFAO, _c2005. |
||
| 300 | _a78 p. | ||
| 410 | 0 | 0 | _aFAO |
| 490 | 0 |
_aFAO. Servicios agrícolas _v; 159 |
|
| 590 |
_aBATCH-UPD _b10 _c20130110 _lUCH01 _h1622 |
||
| 590 |
_aBATCH-UPD _b10 _c20130410 _lUCH01 _h1016 |
||
| 590 |
_aBATCH-UPD _b10 _c20130914 _lUCH01 _h1122 |
||
| 590 |
_aCONVERSION _b10 _c20130109 _lUCH01 _h1351 |
||
| 650 | 1 | 4 |
_aCultivos _xProtección. _930311 |
| 650 | 1 | 4 |
_aSeguro agrícola. _9103691 |
| 700 | 0 |
_aRoberts, R. A. J. _997934 |
|
| 810 | 0 | _aFAO | |
| 830 | 0 | 0 |
_aFAO. Servicios agrícolas _v; 159 _939697 |
| 901 | _aBK | ||
| 905 | _aLilia | ||
| 942 | _cLIBRO | ||
| 949 |
_a630 F3y v.159 _bBC _cFAO _d33724000970323 _eFAO1 _gD _h107569 _i103028 _sb |
||
| 999 |
_c91492 _d91492 |
||